000 00287nam a22001337a 4500
008 170731b xxu||||| |||| 00| 0 eng d
020 _a9781933988351
041 _aeng
080 _a004
100 _a32
101 _aSHK
245 _aJQUERY IN ACTION
_cBIBEAULT,B
942 _2udc
_cBK
999 _c22162
_d22162